00468nam a2200157 a 45000010005000000030009000050080041000140400028000550820016000831000017000992450087001162600034002033000015002374900027002526500031002796307CO-ViMGA141112s2004 ck r 000 u spa d aCO-ViMGAbspacCO-ViMGA04a658.42 G1751 aGarland, Ron10aTrabajar y dirigir en la new age : bla creación de un nuevo ambiente de trabajo aBarcelona : bGranica, c1996 a214 p : il aManagement alternativa14aADMINISTRACION - DIRECCION